Statistics for US states without the Map

Click here to take the quiz!

General Stats

  • This quiz has been taken 13 times
  • The average score is 10 of 15

Answer Stats

HintAnswer% Correct
SacrementoCalifornia
100%
AustinTexas
91%
Little RockArkansas
82%
TallahasseeFlorida
82%
NashvilleTennessee
82%
OlympiaWashington
82%
Santa FeNew Mexico
73%
ColumbusOhio
73%
AugustaMaine
64%
SalemOregon
64%
LansingMichigan
55%
BismarckNorth Dakota
55%
ColumbiaSouth Carolina
55%
MontplierVermont
55%
SpringfieldIlinois
18%

Score Distribution

Percentile by Number Answered

Percent of People with Each Score

Your Score History

You have not taken this quiz